Curtain call : (Record no. 7938)

MARC details
000 -LEADER
fixed length control field 00535nam a22001697a 4500
003 - CONTROL NUMBER IDENTIFIER
control field OSt
005 - DATE AND TIME OF LATEST TRANSACTION
control field 20260129031426.0
008 - FIXED-LENGTH DATA ELEMENTS--GENERAL INFORMATION
fixed length control field 260129b |||||||| |||| 00| 0 eng d
020 ## - INTERNATIONAL STANDARD BOOK NUMBER
International Standard Book Number 971-542-297-7
040 ## - CATALOGING SOURCE
Original cataloging agency DWC-Main Lib.
Transcribing agency OC
082 ## - DEWEY DECIMAL CLASSIFICATION NUMBER
Classification number Fil. 809.2 G649c 2001
100 ## - MAIN ENTRY--PERSONAL NAME
Personal name Goquingco, Leonor O.
245 ## - TITLE STATEMENT
Title Curtain call :
Remainder of title selected reviews, 1957-2000/
Statement of responsibility, etc. Leonor O. Goquingco
260 ## - PUBLICATION, DISTRIBUTION, ETC.
Place of publication, distribution, etc. Quezon City :
Name of publisher, distributor, etc. University of the Philippines Press,
Date of publication, distribution, etc. c2001.
300 ## - PHYSICAL DESCRIPTION
Extent viii, 344 p. ;
Dimensions 25 cm.
942 ## - ADDED ENTRY ELEMENTS (KOHA)
Source of classification or shelving scheme Dewey Decimal Classification
Koha item type Book-Filipiniana
Classification part Fil.
Suppress in OPAC No
952 ## - LOCATION AND ITEM INFORMATION (KOHA)
--
Holdings
Withdrawn status Lost status Source of classification or shelving scheme Damaged status Not for loan Home library Current library Shelving location Date acquired Source of acquisition Cost, normal purchase price Total Checkouts Full call number Barcode Date last seen Copy number Price effective from Koha item type Uniform Resource Identifier
    Dewey Decimal Classification     College Library College Library Filipiniana 02/04/2003 School Fund 630.00   Fil. 809.2 G649c 2001 CL37023 01/29/2026 c1 01/29/2026 BK - FIL